| 000 | 01234nam0a2200313 4500 | ||
|---|---|---|---|
| 001 | RU\NLR\BIBL_A\011930892 | ||
| 005 | 20190219114558.0 | ||
| 010 |
_a978-5-9909660-5-5 _9200 |
||
| 021 |
_aRU _bКН-П-18-102024 _9КН-П-18-7389 |
||
| 035 | _a(NLR Aleph) 011930892 | ||
| 035 | _a(RuMoRGB)009854667 | ||
| 090 |
_a11038164 _c11038164 |
||
| 100 | _a20190207d2018 k y0rusy50 ca | ||
| 101 | 0 | _arus | |
| 102 | _aRU | ||
| 105 | _aab||zzzz0|1zy | ||
| 200 | 1 |
_aИстория демографического развития великороссов. Взлёт: 1646-1917 годы _fВ. А. Башлачёв, А. А. Швецов |
|
| 210 |
_aМосква _cТрадиция _d2018 |
||
| 215 |
_a311 с. _cил., цв. ил. _d22 |
||
| 320 | _aБиблиогр. в тексте | ||
| 606 | 1 |
_aДемографические процессы _xИстория _yРоссия _2nlr_sh1 _2nlr_sh2 _3RU\NLR\AUTH\661397007 |
|
| 686 | 1 | _aС73(2)5 | |
| 700 | 1 |
_aБашлачёв _bВ. А. _gВениамин Анатольевич |
|
| 701 | 1 |
_aШвецов _bА. А. _gАлександр А. |
|
| 942 | _cBOOK | ||
| 980 | _aNBR | ||
| 980 | _aNB | ||